00769nam a22002057a 450000500170000001000130001702000230003003500130005303700100006608200160007610000250009224501110011726000410022827000480026930000300031770000240034794200300037199900170040195201450041820110906120010.0 aG-001384 c120.00a8189622331 aG-001384 bGift  a303.6250954 aGhosh, Kunal 934492 aSeparatism in North-East India:cby Kunal Ghosh with Vikas Kumar brole of religion, language and script / aNew Delhi bSuruchi Prakashan c2008 aKeshav Kunj, JhandewalabNew Delhi e110055 axviii, 247p. c23cm(pbk)  aVikas Kumar 934493 2ddccENh303.6250954mGHO c56385d56385 001040708NFICaJPbJPd2011-09-06egiftg120.00l3o303.6250954 GHOpG-001384r2016-03-14 00:00:00s2016-02-22t1v120.00w2011-09-06yEN